[Event "DEN-ch Seniors 65+"]
[Site "Logumkloster"]
[Date "2017.02.18"]
[Round "7"]
[White "Rendlev, Niels Moller"]
[Black "Hvenekilde, Jorgen"]
[Result "1/2-1/2"]
[WhiteElo "1800"]
[BlackElo "2092"]
[PlyCount "28"]
[EventDate "2017.02.12"]
[EventType "swiss"]
[EventRounds "7"]
[EventCountry "DEN"]
[SourceTitle "EXT 2018"]
[Source "ChessBase"]
[SourceDate "2017.10.13"]
[SourceVersion "1"]
[SourceVersionDate "2017.10.13"]
[SourceQuality "1"]

1. Nf3 g6 2. g3 Bg7 3. d4 d6 4. Bg2 c6 5. c4 Bf5 6. Nc3 Qc8 7. h3 Nf6 8. Bg5 Ne4 9. Nxe4 Bxe4 10. Qd2 h6 11. Be3 Nd7 12. 0-0 Nf6 13. Kh2 g5 14. Ne1 Bxg2 1/2-1/2

[Event "Aalborg Larsen Memorial"]
[Site "Aalborg"]
[Date "2016.10.19"]
[Round "5"]
[White "Hvenekilde, Jorgen"]
[Black "Fries Nielsen, Jens Ove"]
[Result "0-1"]
[WhiteElo "2060"]
[BlackElo "2356"]
[PlyCount "60"]
[EventDate "2016.10.15"]
[EventType "swiss"]
[EventRounds "7"]
[EventCountry "DEN"]
[SourceTitle "CBM 175 Extra"]
[Source "ChessBase"]
[SourceDate "2016.12.12"]
[SourceVersion "1"]
[SourceVersionDate "2016.12.12"]
[SourceQuality "1"]

1. e4 e5 2. Nf3 Qe7 3. Be2 Nf6 4. d3 g6 5. 0-0 Bg7 6. Re1 0-0 7. Nbd2 d6 8. c3 Nc6 9. Bf1 Nd7 10. Nc4 Nb6 11. Ne3 f5 12. a4 f4 13. Nc2 g5 14. a5 Nd7 15. d4 g4 16. Nd2 exd4 17. cxd4 f3 18. gxf3 Qh4 19. Bg2 Nxd4 20. Re3 Ne6 21. Nf1 Ne5 22. f4 Nxf4 23. Rg3 Nxg2 24. Kxg2 Bd7 25. Nce3 Rf7 26. Bd2 Raf8 27. Be1 Nf3 28. Rc1 Be5 29. Rxc7 Bxg3 30. fxg3 Qh3+ 0-1

[Event "Politiken Cup 37th"]
[Site "Helsingor"]
[Date "2015.07.29"]
[Round "6"]
[White "Linderod, Lars Erik"]
[Black "Hvenekilde, Jorgen"]
[Result "1/2-1/2"]
[WhiteElo "1912"]
[BlackElo "2114"]
[PlyCount "76"]
[EventDate "2015.07.25"]
[EventType "swiss"]
[EventRounds "10"]
[EventCountry "DEN"]
[SourceTitle "CBM 167 Extra"]
[Source "ChessBase"]
[SourceDate "2015.09.14"]
[SourceVersion "1"]
[SourceVersionDate "2015.09.14"]
[SourceQuality "1"]

1. e4 d6 2. d4 g6 3. Nc3 Bg7 4. Bg5 a6 5. f4 h6 6. Bh4 b6 7. Qd2 Bb7 8. Nf3 Nd7 9. 0-0-0 c5 10. d5 Qc7 11. g4 b5 12. Qe3 b4 13. Nb1 Ngf6 14. Rg1 Nb6 15. Bf2 Nfd7 16. g5 c4 17. Nd4 hxg5 18. Rxg5 Nc5 19. Bg2 b3 20. axb3 cxb3 21. Nc3 bxc2 22. Kxc2 Nca4 23. Qg3 0-0-0 24. Rc1 Kb8 25. Kb1 Rc8 26. Bh3 Nd7 27. Nc6+ Bxc6 28. Nxa4 Bxa4 29. Rxc7 Rxc7 30. Bxd7 Bxd7 31. Qg1 Rhc8 32. Be3 Bb5 33. Rg2 Bd3+ 34. Ka2 Bxe4 35. Rd2 Rb7 36. Bb6 Rc4 37. b3 Rb4 38. Bd4 Bxd4 1/2-1/2

[Event "Politiken Cup 37th"]
[Site "Helsingor"]
[Date "2015.07.28"]
[Round "5"]
[White "Hvenekilde, Jorgen"]
[Black "Mouritsen, Jan"]
[Result "1-0"]
[WhiteElo "2114"]
[BlackElo "1799"]
[PlyCount "67"]
[EventDate "2015.07.25"]
[EventType "swiss"]
[EventRounds "10"]
[EventCountry "DEN"]
[SourceTitle "CBM 167 Extra"]
[Source "ChessBase"]
[SourceDate "2015.09.14"]
[SourceVersion "1"]
[SourceVersionDate "2015.09.14"]
[SourceQuality "1"]

1. e4 c5 2. Nf3 d6 3. Be2 Nc6 4. c3 Nf6 5. d4 cxd4 6. cxd4 g6 7. 0-0 Bg7 8. d5 Ne5 9. Nxe5 dxe5 10. Nc3 0-0 11. Be3 e6 12. h3 exd5 13. exd5 b6 14. Qb3 Bb7 15. Rfd1 Ne8 16. d6 Kh8 17. Rac1 f5 18. d7 Nc7 19. f3 Qe7 20. Nb5 Nxb5 21. Qxb5 Qd8 22. Qc4 Rb8 23. Qc7 Bf6 24. Bh6 Rf7 25. Qd6 e4 26. Bc4 Be7 27. Qe5+ Bf6 28. Qd6 Bg7 29. Bxg7+ Rxg7 30. Qe5 Ra8 31. Bf7 exf3 32. Qe8+ Qxe8 33. dxe8Q+ Rxe8 34. Bxe8 1-0

[Event "Politiken Cup 37th"]
[Site "Helsingor"]
[Date "2015.07.26"]
[Round "2"]
[White "Chabanon, Jean Luc"]
[Black "Hvenekilde, Jorgen"]
[Result "1-0"]
[WhiteElo "2493"]
[BlackElo "2114"]
[PlyCount "81"]
[EventDate "2015.07.25"]
[EventType "swiss"]
[EventRounds "10"]
[EventCountry "DEN"]
[SourceTitle "CBM 167 Extra"]
[Source "ChessBase"]
[SourceDate "2015.09.14"]
[SourceVersion "1"]
[SourceVersionDate "2015.09.14"]
[SourceQuality "1"]

1. d4 d6 2. e4 g6 3. Nc3 Bg7 4. f4 e6 5. Nf3 a6 6. Bd3 Ne7 7. 0-0 Nd7 8. Qe1 c5 9. e5 d5 10. Be3 b6 11. Nd1 cxd4 12. Nxd4 Nc5 13. Bf2 Qc7 14. Ne3 g5 15. fxg5 Qxe5 16. Nf3 Qxb2 17. Rb1 Qa3 18. Ng4 Nxd3 19. cxd3 Ng6 20. Bd4 Bxd4+ 21. Nxd4 Ra7 22. Qf2 Rc7 23. Rxb6 Qc5 24. Rb8 Rf8 25. Nf6+ Kd8 26. Nxh7 Rh8 27. Nf6 Rh4 28. Nf3 Qxf2+ 29. Kxf2 Ra4 30. Kg3 Rxa2 31. h4 Rcc2 32. Ne1 Rcb2 33. Rxb2 Rxb2 34. h5 Ne7 35. h6 Ng6 36. Nf3 d4 37. h7 Bb7 38. Ne5 Nh8 39. Ne4 Bxe4 40. Nxf7+ Nxf7 41. dxe4 1-0

[Event "Aalborg Larsen Memorial"]
[Site "Aalborg"]
[Date "2014.10.18"]
[Round "6"]
[White "Borsos, Bogdan"]
[Black "Hvenekilde, Jorgen"]
[Result "1-0"]
[WhiteElo "2228"]
[BlackElo "2087"]
[PlyCount "57"]
[EventDate "2014.10.13"]
[EventType "swiss"]
[EventRounds "7"]
[EventCountry "DEN"]
[SourceTitle "EXT 2015"]
[Source "ChessBase"]
[SourceDate "2014.11.20"]
[SourceVersion "1"]
[SourceVersionDate "2014.11.20"]
[SourceQuality "1"]

1. e4 d6 2. d4 g6 3. g3 Bg7 4. Bg2 Nd7 5. Ne2 b6 6. 0-0 e6 7. c4 Bb7 8. Nbc3 Ne7 9. Be3 a6 10. Qd2 h6 11. b4 e5 12. f4 exd4 13. Bxd4 Bxd4+ 14. Nxd4 c5 15. bxc5 Nxc5 16. Rab1 Rb8 17. f5 g5 18. f6 Nc8 19. Nd5 Bxd5 20. exd5 Rb7 21. Bh3 Nd7 22. Nc6 Qc7 23. Qe3+ Ne5 24. Rf5 Kf8 25. Nxe5 dxe5 26. Rxe5 Nd6 27. Re7 Qb8 28. Rxb7 Qxb7 29. Rxb6 1-0

[Event "Aalborg Larsen Memorial"]
[Site "Aalborg"]
[Date "2014.10.17"]
[Round "5"]
[White "Hvenekilde, Jorgen"]
[Black "Kristiansen, Jens"]
[Result "0-1"]
[WhiteElo "2087"]
[BlackElo "2405"]
[PlyCount "74"]
[EventDate "2014.10.13"]
[EventType "swiss"]
[EventRounds "7"]
[EventCountry "DEN"]
[SourceTitle "EXT 2015"]
[Source "ChessBase"]
[SourceDate "2014.11.20"]
[SourceVersion "1"]
[SourceVersionDate "2014.11.20"]
[SourceQuality "1"]

1. e4 g6 2. d4 Bg7 3. Be3 d6 4. Nc3 a6 5. Nf3 Nd7 6. Qd2 b5 7. a4 b4 8. Ne2 Bb7 9. Ng3 Ngf6 10. Bd3 c5 11. Bh6 Bxh6 12. Qxh6 cxd4 13. Ng5 e5 14. 0-0 Ng4 15. Qg7 Qxg5 16. Qxh8+ Ke7 17. Qxh7 Ndf6 18. Qh3 Bc8 19. Ne2 Ne3 20. Qg3 Qxg3 21. hxg3 Nxf1 22. Kxf1 Bb7 23. f3 Rc8 24. a5 d5 25. Ra4 b3 26. Rb4 Rc7 27. Rxb3 dxe4 28. fxe4 Bxe4 29. Rb6 Bb7 30. Bxa6 Bxa6 31. Rxa6 Rxc2 32. Rb6 d3 33. Nc3 e4 34. Rxf6 Kxf6 35. a6 e3 36. Nd5+ Ke5 37. Nxe3 Kd4 0-1

[Event "Politiken Cup 36th"]
[Site "Helsingor"]
[Date "2014.07.27"]
[Round "8"]
[White "Moe, Mogens"]
[Black "Hvenekilde, Jorgen"]
[Result "1-0"]
[WhiteElo "2274"]
[BlackElo "2122"]
[PlyCount "67"]
[EventDate "2014.07.21"]
[EventType "swiss"]
[EventRounds "10"]
[EventCountry "DEN"]
[SourceTitle "CBM 161 Extra"]
[Source "ChessBase"]
[SourceDate "2014.08.29"]
[SourceVersion "1"]
[SourceVersionDate "2014.08.29"]
[SourceQuality "1"]

1. e4 g6 2. d4 Bg7 3. Nf3 d6 4. Nc3 a6 5. Bg5 h6 6. Be3 e6 7. Qd2 Nd7 8. 0-0-0 b5 9. d5 e5 10. a3 f5 11. exf5 gxf5 12. g3 Ndf6 13. h4 Ne7 14. h5 Bd7 15. Be2 Qb8 16. b4 a5 17. Kb2 Qb7 18. Nh4 e4 19. Ng6 axb4 20. axb4 Nxg6 21. hxg6 Ke7 22. Bd4 Be8 23. g4 Bxg6 24. gxf5 Bf7 25. Rhg1 Rag8 26. Qf4 h5 27. Nxe4 Qxd5 28. Bxf6+ Bxf6+ 29. Nxf6 Qa2+ 30. Kc3 Qa3+ 31. Kd2 Kxf6 32. Qh4+ Ke5 33. Bd3 Rxg1 34. Rxg1 1-0

[Event "Nordic-ch Seniors"]
[Site "Bornholm"]
[Date "2013.09.11"]
[Round "5"]
[White "Grahn, Lars"]
[Black "Hvenekilde, Jorgen"]
[Result "1-0"]
[WhiteElo "1968"]
[BlackElo "2120"]
[PlyCount "79"]
[EventDate "2013.09.07"]
[EventType "swiss"]
[EventRounds "9"]
[EventCountry "DEN"]
[SourceTitle "CBM 156 Extra"]
[Source "ChessBase"]
[SourceDate "2013.10.22"]
[SourceVersion "1"]
[SourceVersionDate "2013.10.22"]
[SourceQuality "1"]

1. d4 Nf6 2. c4 e5 3. dxe5 Ne4 4. Nd2 Nc5 5. b4 Ne6 6. a3 a5 7. b5 d6 8. exd6 Qxd6 9. Bb2 Nd7 10. Ngf3 Ndc5 11. g3 Be7 12. Bg2 0-0 13. 0-0 f5 14. Qc2 Bf6 15. Bxf6 Rxf6 16. Rfd1 Qe7 17. e3 Bd7 18. Ne5 Be8 19. Bd5 Rc8 20. Nb3 Nxb3 21. Qxb3 c6 22. bxc6 bxc6 23. Bxe6+ Qxe6 24. f4 c5 25. Rd2 Qa6 26. Rad1 Rb6 27. Qc2 g6 28. Rd8 Rbb8 29. R1d6 Qb7 30. Rxc8 Qxc8 31. Qd3 Kg7 32. Qc3 Kh6 33. Qxa5 Rb1+ 34. Kg2 Qb7+ 35. Kh3 Rg1 36. Rd2 Qb1 37. Qd8 Qf1+ 38. Kh4 Rxg3 39. Kxg3 Qg1+ 40. Kf3 1-0

[Event "Nordic-ch Seniors"]
[Site "Bornholm"]
[Date "2013.09.09"]
[Round "3"]
[White "Nielsen, Jens Holm"]
[Black "Hvenekilde, Jorgen"]
[Result "0-1"]
[WhiteElo "1847"]
[BlackElo "2120"]
[PlyCount "106"]
[EventDate "2013.09.07"]
[EventType "swiss"]
[EventRounds "9"]
[EventCountry "DEN"]
[SourceTitle "CBM 156 Extra"]
[Source "ChessBase"]
[SourceDate "2013.10.22"]
[SourceVersion "1"]
[SourceVersionDate "2013.10.22"]
[SourceQuality "1"]

1. d4 Nf6 2. Nf3 d6 3. Bf4 g6 4. e3 Bg7 5. Nbd2 0-0 6. Be2 Nbd7 7. h3 Re8 8. 0-0 e5 9. dxe5 dxe5 10. Bg5 h6 11. Bxf6 Qxf6 12. Ne4 Qe7 13. Bc4 Nb6 14. Bb3 Bf5 15. Ng3 Bd7 16. a4 Rad8 17. Qc1 Bc6 18. e4 a5 19. Rd1 Rxd1+ 20. Qxd1 Rd8 21. Qe1 Qc5 22. Rd1 Ra8 23. Rd3 Bxa4 24. Bxa4 Nxa4 25. b3 Nb6 26. Qd2 Qe7 27. Nh2 a4 28. bxa4 Rxa4 29. Rd8+ Kh7 30. Nf3 c6 31. Rb8 Qc7 32. Re8 Nc4 33. Qd8 Qxd8 34. Rxd8 Ra1+ 35. Kh2 Rc1 36. Rd7 b5 37. Rxf7 Rxc2 38. Nh4 b4 39. Nhf5 gxf5 40. Nxf5 b3 41. Rxg7+ Kh8 42. Rg3 b2 43. Nxh6 b1Q 44. Nf7+ Kh7 45. Ng5+ Kg8 46. Ne6+ Kf7 47. Nd8+ Ke8 48. Rg8+ Kd7 49. Nf7 Rc1 50. Ng5 Nd2 51. Rg7+ Kd6 52. Nf7+ Kc5 53. Nxe5 Nf1+ 0-1

[Event "Nordic-ch Seniors"]
[Site "Bornholm"]
[Date "2013.09.08"]
[Round "2"]
[White "Hvenekilde, Jorgen"]
[Black "Karason, Askell Orn"]
[Result "1/2-1/2"]
[WhiteElo "2120"]
[BlackElo "2205"]
[PlyCount "33"]
[EventDate "2013.09.07"]
[EventType "swiss"]
[EventRounds "9"]
[EventCountry "DEN"]
[SourceTitle "CBM 156 Extra"]
[Source "ChessBase"]
[SourceDate "2013.10.22"]
[SourceVersion "1"]
[SourceVersionDate "2013.10.22"]
[SourceQuality "1"]

1. e4 d6 2. d4 Nf6 3. Nc3 g6 4. Be2 Bg7 5. Be3 a6 6. g4 d5 7. f3 dxe4 8. fxe4 h5 9. gxh5 Nxh5 10. Nf3 b5 11. Rg1 Nf6 12. Qd3 Ng4 13. Bf4 Nc6 14. Nd5 e5 15. Bg3 Be6 16. c4 0-0 17. Bh4 1/2-1/2

[Event "EU-ch Seniors 12th"]
[Site "Kaunas"]
[Date "2012.08.22"]
[Round "5"]
[White "Hvenekilde, Jorgen"]
[Black "Janulynas, Jonas"]
[Result "1-0"]
[WhiteElo "2103"]
[BlackElo "1805"]
[PlyCount "113"]
[EventDate "2012.08.18"]
[EventType "swiss"]
[EventRounds "9"]
[EventCountry "LTU"]
[SourceTitle "CBM 150 Extra"]
[Source "ChessBase"]
[SourceDate "2012.10.19"]
[SourceVersion "1"]
[SourceVersionDate "2012.10.19"]
[SourceQuality "1"]

1. e4 e5 2. Nf3 Nc6 3. Bc4 Nf6 4. Qe2 Be7 5. 0-0 d6 6. h3 0-0 7. c3 Re8 8. d3 h6 9. Rd1 Bf8 10. Nbd2 Qe7 11. Nf1 a6 12. b4 b5 13. Bb3 Be6 14. Ng3 g6 15. Bxe6 Qxe6 16. a4 Kh7 17. Be3 d5 18. Qa2 d4 19. Qxe6 fxe6 20. cxd4 Nxb4 21. dxe5 Nd7 22. axb5 axb5 23. Rxa8 Rxa8 24. Nd4 Nxe5 25. Nxb5 Rc8 26. d4 c6 27. Nc3 Nc4 28. Ra1 Rc7 29. Bf4 Rf7 30. Nge2 g5 31. Bg3 Nd2 32. Ra8 Kg6 33. f3 Bg7 34. Be1 Nb3 35. Rb8 Nd3 36. Rxb3 Nxe1 37. Rb6 Rc7 38. e5 Nd3 39. Ne4 Bf8 40. N2c3 Kf5 41. Rb8 Be7 42. Nd6+ Kf4 43. Nce4 Ke3 44. Nc5 Nxc5 45. dxc5 Kd4 46. Rh8 Kxe5 47. Ne4 Rb7 48. Rxh6 Rb5 49. Rh5 Kf4 50. Kh2 Bxc5 51. Rxg5 Bd4 52. Rg6 Rb1 53. h4 Kf5 54. h5 Be5+ 55. g3 Rb2+ 56. Kh3 Bd4 57. Rg5# 1-0

[Event "EU-ch Seniors 12th"]
[Site "Kaunas"]
[Date "2012.08.20"]
[Round "3"]
[White "Neudel, Bernd"]
[Black "Hvenekilde, Jorgen"]
[Result "1/2-1/2"]
[WhiteElo "1910"]
[BlackElo "2103"]
[PlyCount "47"]
[EventDate "2012.08.18"]
[EventType "swiss"]
[EventRounds "9"]
[EventCountry "LTU"]
[SourceTitle "CBM 150 Extra"]
[Source "ChessBase"]
[SourceDate "2012.10.19"]
[SourceVersion "1"]
[SourceVersionDate "2012.10.19"]
[SourceQuality "1"]

1. d4 g6 2. g3 Bg7 3. Bg2 d6 4. e4 Nd7 5. Ne2 e5 6. dxe5 dxe5 7. Be3 Ngf6 8. h3 0-0 9. 0-0 Qe7 10. Nbc3 c6 11. Qd2 Nb6 12. b3 Rd8 13. Qc1 Be6 14. Rd1 Rxd1+ 15. Qxd1 Rd8 16. Qe1 Bf8 17. Rd1 Rxd1 18. Qxd1 Qd7 19. Qxd7 Nfxd7 20. h4 Bc5 21. Nd1 Kf8 22. Nc1 Bxe3 23. Nxe3 Nc5 24. g4 1/2-1/2

[Event "DEN-ch Seniors"]
[Site "Randers"]
[Date "2012.02.13"]
[Round "3"]
[White "Madsen, Svend Aage"]
[Black "Hvenekilde, Jorgen"]
[Result "1/2-1/2"]
[WhiteElo "2091"]
[BlackElo "2071"]
[PlyCount "38"]
[EventDate "2012.02.11"]
[EventType "swiss"]
[EventRounds "7"]
[EventCountry "DEN"]
[SourceTitle "EXT 2018"]
[Source "ChessBase"]
[SourceDate "2017.10.13"]
[SourceVersion "1"]
[SourceVersionDate "2017.10.13"]
[SourceQuality "1"]

1. e4 e5 2. Nf3 d6 3. d4 Nd7 4. Bc4 Be7 5. 0-0 c6 6. a4 h6 7. c3 Ngf6 8. Qe2 0-0 9. Rd1 Qc7 10. dxe5 dxe5 11. Nbd2 Nc5 12. b4 Ne6 13. Nf1 Re8 14. Ng3 Nf4 15. Qa2 Bf8 16. Nh4 Be6 17. Bxe6 Rxe6 18. Be3 Ng4 19. Ngf5 Nxe3 1/2-1/2

[Event "Politiken Cup 33rd"]
[Site "Helsingor"]
[Date "2011.08.06"]
[Round "9"]
[White "Burmeister, Rick"]
[Black "Hvenekilde, Jorgen"]
[Result "1-0"]
[WhiteElo "2298"]
[BlackElo "2089"]
[PlyCount "87"]
[EventDate "2011.07.30"]
[EventType "swiss"]
[EventRounds "10"]
[EventCountry "DEN"]
[SourceTitle "CBM 143 Extra"]
[Source "ChessBase"]
[SourceDate "2011.08.29"]
[SourceVersion "1"]
[SourceVersionDate "2011.08.29"]
[SourceQuality "1"]

1. e4 d6 2. d4 g6 3. Nc3 Bg7 4. Be3 a6 5. h3 Nd7 6. a4 b6 7. Qd2 Bb7 8. Bd3 h6 9. Nf3 e6 10. 0-0 Ne7 11. Rfe1 c5 12. Rad1 Qc7 13. d5 e5 14. b3 Rd8 15. Ra1 Nb8 16. Rab1 Bc8 17. Nh2 g5 18. Nf1 Ng6 19. Ng3 Nf4 20. Be2 h5 21. Nf5 Bf6 22. Bf1 h4 23. g3 hxg3 24. fxg3 Nxh3+ 25. Bxh3 Rxh3 26. Kg2 Bxf5 27. exf5 Rh8 28. Ne4 Qe7 29. b4 Nd7 30. a5 cxb4 31. axb6 a5 32. Qd3 Kf8 33. Qa6 Kg7 34. Qxa5 Rc8 35. Re2 Nc5 36. Qxb4 Nxe4 37. Qxe4 Rb8 38. c4 Qe8 39. Ra2 Qg8 40. Raa1 Rb7 41. Qg4 Bd8 42. Bxg5 Kf8 43. Ra8 Rd7 44. Bh6+ 1-0